Normal view
MARC view
Entry Personal Name
001 - CONTROL NUMBER
- control field: 321
003 - CONTROL NUMBER IDENTIFIER
- control field: OSt
005 - DATE AND TIME OF LATEST TRANSACTION
- control field: 20180105150801.0
008 - FIXED-LENGTH DATA ELEMENTS
- fixed length control field: 180105|| aca||aabn | a|a d
040 ## - CATALOGING SOURCE
- Original cataloging agency: OSt
- Transcribing agency: OSt
100 ## - HEADING--PERSONAL NAME
- Personal name: Rusu, Meredith.
670 ## - SOURCE DATA FOUND
- Source citation: Work cat.: (OSt): Rusu, Meredith., The new ninja /, 2016.